000 00457nam a2200169Ia 4500
003 GCL
008 140319s9999 xx 000 0 ara d
040 _aGCL /
_cGCL
082 0 4 _a520
_bم م
100 1 _aمحمد عباس
245 1 0 _aالمدخل الى علم الفلك والتقاويم /
_cمحمد عباس
260 _a[S.N] :
_bدار المعرفة ،
_c1991
300 _a110 ص
490 _a
650 0 4 _aالفلك
942 _2ddc
_cBK
999 _c48516
_d48516